Cyclisme : Vainqueurs du Gp de Montréal - Statistiques

Statistiques générales
  • Ce quiz a été pris 10 fois
  • Le résultat moyen est 5 sur 14
Statistiques - réponses
Année Vainqueur % Correct
2024 Tadej Pogačar
100%
2022 Tadej Pogačar
100%
2025 Brandon McNulty
78%
2013 Peter Sagan
56%
2023 Adam Yates
44%
2018 Michael Matthews
33%
2010 Robert Gesink
33%
2014 Simon Gerrans
33%
2019 Greg Van Avermaet
22%
2016 Greg Van Avermaet
22%
2011 Rui Costa
11%
2017 Diego Ulissi
0%
2012 Lars Petter Nordhaug
0%
2015 Tim Wellens
0%
Aucun quiz correspondant
Distribution des résultats
% des personnes avec chaque résultat
Percentile par nombre de réponses
Votre historique - résultats
Vous n’avez pas pris ce quiz